Evolving advice on sustainability appraisal (Record no. 75412)
[ view plain ]
| 000 -LEADER | |
|---|---|
| fixed length control field | 01667cab a2200229 4500 |
| 001 - CONTROL NUMBER | |
| control field | L130041 |
| 008 - FIXED-LENGTH DATA ELEMENTS--GENERAL INFORMATION | |
| fixed length control field | 050617n2005 000 0 eng u |
| 035 ## - SYSTEM CONTROL NUMBER | |
| System control number | (Sirsi) u130041 |
| 041 ## - LANGUAGE CODE | |
| Language code of text/sound track or separate title | eng |
| 100 ## - MAIN ENTRY--PERSONAL NAME | |
| Personal name | Bennett, Joan |
| 245 ## - TITLE STATEMENT | |
| Title | Evolving advice on sustainability appraisal |
| 260 ## - PUBLICATION, DISTRIBUTION, ETC. | |
| Date of publication, distribution, etc. | 2005 |
| 490 ## - SERIES STATEMENT | |
| Series statement | Town & Country Planning |
| Volume/sequential designation | 74(5) May 2005, 162-163(2) |
| 520 ## - SUMMARY, ETC. | |
| Summary, etc. | Examines government advice on sustainability appraisal presented to planning authorities in the last few years, driven by the planning reforms in England and Wales and the European Strategic Environmental Assessment Directive (Directive 2001/42/EC). Assesses key changes in the ODPM interim advice (April 2005), which sets out the five principal stages in the sustainability appraisal process and proposes a single scoping report. Highlights two areas of uncertainty in the interim advice: the initial sustainability appraisal report is no longer required despite reference to it in "Planning Policy Statement 12: local development frameworks" and an implied radical re-arrangement of stages B and C of the sustainability appraisal process. Comments on the partial clarification of the differences between supplementary planning and development plan documents. Hopes that the final version of the appraisal guidance will present a clear and feasible process for hard-pressed local planning authorities. Notes. |
| 590 ## - LOCAL NOTE (RLIN) | |
| Local note | IKA210605 |
| 650 ## - SUBJECT ADDED ENTRY--TOPICAL TERM | |
| Topical term or geographic name entry element | DIRECTIVE 2001/42/EC |
| 650 ## - SUBJECT ADDED ENTRY--TOPICAL TERM | |
| Topical term or geographic name entry element | PLANNING POLICY STATEMENT 12 |
| 690 ## - LOCAL SUBJECT ADDED ENTRY--TOPICAL TERM (OCLC, RLIN) | |
| Topical term or geographic name as entry element | ENVIRONMENTAL AND LAND CONSULTANCY-PLANNING AND DEVELOPMENT-PLANNING GUIDANCE |
| 700 ## - ADDED ENTRY--PERSONAL NAME | |
| Personal name | Counsell, David |
| 700 ## - ADDED ENTRY--PERSONAL NAME | |
| Personal name | Feeney, David |
| 942 ## - ADDED ENTRY ELEMENTS (KOHA) | |
| Suppress in OPAC | 0 |
| Withdrawn status | Lost status | Source of classification or shelving scheme | Damaged status | Not for loan | Home library | Current library | Shelving location | Date acquired | Total Checkouts | Full call number | Barcode | Date last seen | Copy number | Price effective from | Koha item type |
|---|---|---|---|---|---|---|---|---|---|---|---|---|---|---|---|
| Dewey Decimal Classification | London | London | Journal article | 17/06/2005 | L130041 | 130041-1001 | 06/08/2019 | 1 | 06/08/2019 | Journal article |